000 00578nam a2200229Ia 4500
003 OSt
005 20220924152054.0
006 a|||||r|||| 00| 0
007 ta
008 220923b |||||||| |||| 00| 0 mar d
024 _a340709
037 _cTextual
040 _aARTS
_cARTS
_bmar
041 _2mar
_amar
082 _aO155,3MKO,2, H4
100 _aV.N.Kothiwale
_9225752
245 0 _aVidyalankar
260 _c1944
650 _aMARATHI LITERATURE
_938000
942 _hO155,3MKO,2, H4
_cTEXL
_2CC
999 _c468633
_d468633